Guess the Rent lyrics 1 Quiz Stats

 Plays Quiz not verified by Sporcle

Also try: Candy Slogans
Challenge
Share
Tweet
Embed
Score 0/169 Timer 10:00
0 Plays Today
Lyrics % Correct
I
91.3%
I
91.3%
I
91.3%
I
91.3%
a
84.2%
a
84.2%
the
81.7%
the
81.7%
the
81.7%
the
81.7%
the
81.7%
the
81.7%
the
81.7%
the
81.7%
the
81.7%
to
70.5%
on
66.7%
on
66.7%
on
66.7%
on
66.7%
on
66.7%
we
65.3%
And
64.2%
And
64.2%
and
64.2%
it
61.7%
it
61.7%
so
61.3%
so
61.3%
so
61.3%
How
58.8%
How
58.8%
How
58.8%
How
58.8%
How
58.8%
How
58.8%
Is
58.2%
can
57.8%
be
57.6%
be
57.6%
be
57.6%
my
57%
my -
57%
my
57%
will
53.6%
for
52.6%
in
52.6%
I'm
52%
I'm
52%
one
52%
I'm
52%
am
51.3%
of
50.3%
of
50.3%
of
50.3%
of
50.3%
When
50.1%
Lyrics % Correct
when
50.1%
it's
49.9%
it's
49.9%
that
48.7%
that
48.7%
that
48.7%
no
48%
her.
48%
her
48%
there?
47.4%
there.
47.4%
where
46.8%
Why
46.1%
Why
46.1%
Why
46.1%
Why
46.1%
I'll
44.5%
this
43.7%
Mimi
43.4%
Angel
42.8%
Hi
42.6%
get
42.4%
get
42.4%
did
42.2%
did
42.2%
did
42.2%
did
42.2%
hell?
41.8%
hell?
41.8%
are
41%
here?
40.8%
here?
40.8%
Mark
40.8%
Eve
40.5%
Christmas
39.7%
Christmas
39.7%
year
38.7%
could
38.7%
night
38.7%
night
38.7%
last
36.6%
Collins
36.6%
his
36.6%
know
36.2%
up
35.8%
end
34.7%
alone?
34.3%
door?
34.1%
down?
34.1%
knock
33.5%
Roger's
33.5%
hot?
32.2%
film,
32%
drums?
31.8%
Maureen's
31.4%
break
31.4%
phone
31.2%
Lyrics % Correct
set
31%
witness?
31%
frozen
30.8%
equipment
30.8%
mean
30.8%
capture
30.6%
Close
30.4%
let
30.1%
booth
30.1%
That's
29.7%
That's
29.7%
back
29.7%
Just
29.5%
steeple
29.3%
at
29.3%
left
29.1%
church
29.1%
Yes,
29.1%
Yes,
29.1%
choose
28.9%
mind?
28.5%
Alexi
28.1%
scalding
27.6%
Pan
27%
floor
27%
room
26.8%
poetic
26.8%
pathetic
26.8%
morning
26.4%
mild
26.4%
Imax
26.4%
Cohen.
26.2%
cutting
26%
3-D
25.6%
raw?
25%
entire
24.9%
memory?
24.7%
late
22.9%
still
22.5%
magic
22.4%
strewn
22.2%
years
22%
running
21.6%
need
21.4%
forever
21%
signed
20.8%
close-up
20.8%
contract.
20.6%
flicker
20.2%
single
18.9%
bother
17.9%
appointment.
17.1%
frames
17.1%
Thanks.
11.9%
Uh...
11.4%

You're not logged in!

Compare scores with friends on all Sporcle quizzes.
Join for Free
OR
Log In

You Might Also Like...

Show Comments

Extras

Created Nov 20, 2014ReportNominate
Tags:rent, Rent Original, Rent Songs

Top Quizzes Today


Score Distribution

Your Account Isn't Verified!

In order to create a playlist on Sporcle, you need to verify the email address you used during registration. Go to your Sporcle Settings to finish the process.

Report this User

Report this user for behavior that violates our Community Guidelines.

Details: